Construction and verification of macroeconomic model ISWE97q3
Výsledky makroekonomického modelovania slovenskej ekonomiky (1993-1996). Konštrukcia ekonometrického modelu ISWE97q3 - skladá sa zo šiestich previazaných blokov: blok obyvateľstva, blok cien a produktivity práce, blok zahraničného obchodu, monetárny blok, blok štátneho rozpočtu, blok HDP. Overenie v...
Salvato in:
| Autore principale: | |
|---|---|
| Altri autori: | , , |
| Natura: | Capitolo di libro |
| Lingua: | inglese |
| Soggetti: | |
| Tags: |
Nessun Tag, puoi essere il primo ad aggiungerne!!
|
MARC
| LEADER | 00000naa a2200000 4500 | ||
|---|---|---|---|
| 001 | r032802 | ||
| 005 | 20230929071950.5 | ||
| 041 | 0 | |a eng | |
| 044 | |a SK | ||
| 245 | 1 | 0 | |a Construction and verification of macroeconomic model ISWE97q3 |c Viliam Páleník, Ladislav Bors, Vladimír Kvetan, Jaroslav Vokoun |
| 520 | |a Výsledky makroekonomického modelovania slovenskej ekonomiky (1993-1996). Konštrukcia ekonometrického modelu ISWE97q3 - skladá sa zo šiestich previazaných blokov: blok obyvateľstva, blok cien a produktivity práce, blok zahraničného obchodu, monetárny blok, blok štátneho rozpočtu, blok HDP. Overenie výrokovej schopnosti modelu ako celku. Analýza vývoja slovenskej ekonomiky v rokoch 1993-1996. Konjunktúrne výhľady vývoja slovenskej ekonomiky v rokoch 1997-1999 a výhľad do roku 2002. | ||
| 610 | 2 | 0 | |a modely makroekonomické |
| 610 | 2 | 0 | |a modely ekonometrické |
| 610 | 2 | 0 | |a modelovanie |
| 610 | 2 | 0 | |a hospodárstvo národné |
| 610 | 2 | 0 | |a Slovensko |
| 610 | 2 | 0 | |a vývoj hospodársky |
| 610 | 2 | 0 | |a 1993-1996 |
| 610 | 2 | 0 | |a prognózy hospodárske |
| 610 | 2 | 0 | |a 1997-2002 |
| 100 | 1 | |a Páleník, Viliam | |
| 700 | 1 | |a Bors, Ladislav | |
| 700 | 1 | |a Kvetan, Vladimír | |
| 700 | 1 | |a Vokoun, Jaroslav | |